|
|
|
|
| LEADER |
01409nam a2200313 a 4500 |
| 001 |
6880 |
| 003 |
BD-DhAAL |
| 005 |
20151122121352.0 |
| 008 |
151123s2007 bg b 000 0 beno |
| 010 |
|
|
|a 2008348241
|
| 020 |
|
|
|a 984458566X
|
| 040 |
|
|
|a DLC
|c DLC
|d DLC
|d BD-DhAAL
|
| 050 |
0 |
0 |
|a DS393.8
|b .M36 2007
|
| 082 |
|
|
|a 954.92
|
| 100 |
1 |
|
|a মামুন, মুনতাসীর
|d 1951-
|9 16462
|
| 245 |
1 |
0 |
|a বাংলাদেশ বাঙালি মানস রাষ্ট্রগঠন ও আধুনিকতা /
|c মুনতাসীর মামুন.
|
| 246 |
1 |
|
|i Title on t.p. verso:
|a Bangladesh, Bangali manosh, rashtrogothon o adhunikota
|
| 246 |
1 |
|
|i Parallel title on t.p. verso:
|a Bangladesh, Bangali psyche, stateformation, and modernity
|
| 260 |
|
|
|a ঢাকা:
|b সময় প্রকাশন,
|c ২০০৭.
|
| 300 |
|
|
|a ৮৬ পৃ. ;
|c ২২ সে.মি.
|
| 504 |
|
|
|a Includes bibliographical references (p. 69-85).
|
| 520 |
|
|
|a Articles on cultural history of Bangladesh and erstwhile Bengal, India.
|
| 541 |
|
|
|e 6880
|
| 546 |
|
|
|a In Bengali.
|
| 651 |
|
0 |
|a Bangladesh
|x Civilization.
|9 2388
|
| 651 |
|
0 |
|a Bengal (India)
|x Civilization.
|9 7475
|
| 942 |
|
|
|2 ddc
|c BK
|
| 999 |
|
|
|c 36274
|d 36274
|
| 952 |
|
|
|0 0
|1 0
|2 ddc
|4 0
|6 954_920000000000000_MAM
|7 0
|9 57020
|a SCL
|b SCL
|c GEN
|d 2015-11-22
|g 75.00
|l 2
|o 954.92 MAM
|p 3020006880
|r 2022-12-03
|s 2022-11-29
|t 1
|w 2015-11-22
|y BK
|